000 00670nam a2200205 a 4500
008
049 _aMAIN
100 1 _aBusselle, Michael.
245 1 0 _aThe Photographer's weekend book:
_b101 creative projects for the amateur photographer /
_c Michael Busselle.
260 _aLondon. :
_bAdkinson Parish Limited,
_c1982.
300 _a223p. :
_bill(some col). ; 21cm.
504 _aIncludes bibliographical references.
500 _aIncludes index.
650 1 _aPhotography
_v Amateur photography.
907 _a.b10182214
_b07-03-06
_c07-12-05
003
005 20230123134132.0
040 _cNUST
942 _cBOOKS
999 _c160666
_d160666